Applying the Planning Acts to the Crown (Record no. 104653)

MARC details
000 -LEADER
fixed length control field 01635cam a2200217 4500
001 - CONTROL NUMBER
control field ##L131158
008 - FIXED-LENGTH DATA ELEMENTS--GENERAL INFORMATION
fixed length control field 051004n2005 000 0 eng u
035 ## - SYSTEM CONTROL NUMBER
System control number (Sirsi) u131158
041 0# - LANGUAGE CODE
Language code of text/sound track or separate title eng
050 04 - LIBRARY OF CONGRESS CALL NUMBER
Classification number 711.1 $2 18
110 1# - MAIN ENTRY--CORPORATE NAME
Corporate name or jurisdiction name as entry element United Kingdom
Subordinate unit Office of the Deputy Prime Minister
245 00 - TITLE STATEMENT
Title Applying the Planning Acts to the Crown
260 ## - PUBLICATION, DISTRIBUTION, ETC.
Place of publication, distribution, etc. London
Name of publisher, distributor, etc. ODPM
Date of publication, distribution, etc. 2005
520 ## - SUMMARY, ETC.
Summary, etc. This consultation paper concerns the secondary legislation needed to give effect in England to the Crown provisions in the Planning and Compulsory Purchase Act 2004. It invites comments on the three draft statutory instruments and the draft circular that are needed to give effect in England to the provisions in Part VII of the Planning and Compulsory Purchase Act 2004. By applying the Planning Acts to the Crown, the provisions of Part VII of the Act provide the basis for removing the Crown's immunity. but detailed secondary legislation and associated guidance is needed to make them work effectively. It identifies where different provisions will be needed in Wales. Responses to the consultation are required by the 16 December 2005.
590 ## - LOCAL NOTE (RLIN)
Local note IKA111005
650 24 - SUBJECT ADDED ENTRY--TOPICAL TERM
Topical term or geographic name entry element PLANNING AND COMPULSORY PURCHASE ACT 2004 PART VII
690 ## - LOCAL SUBJECT ADDED ENTRY--TOPICAL TERM (OCLC, RLIN)
Topical term or geographic name as entry element ENVIRONMENTAL AND LAND CONSULTANCY-PLANNING AND DEVELOPMENT-PLANNING REFORM
856 40 - ELECTRONIC LOCATION AND ACCESS
Uniform Resource Identifier <a href="https://www.communities.gov.uk/documents/planningandbuilding/pdf/137668.pdf">https://www.communities.gov.uk/documents/planningandbuilding/pdf/137668.pdf</a>
Public note View the consultation free of charge at www.communities.gov.uk
856 41 - ELECTRONIC LOCATION AND ACCESS
Uniform Resource Identifier <a href="https://www.communities.gov.uk/documents/planningandbuilding/pdf/147537.pdf">https://www.communities.gov.uk/documents/planningandbuilding/pdf/147537.pdf</a>
Public note View the item free of charge at www.communities.gov.uk
942 ## - ADDED ENTRY ELEMENTS (KOHA)
Suppress in OPAC 0
Holdings
Withdrawn status Lost status Source of classification or shelving scheme Damaged status Not for loan Home library Current library Shelving location Date acquired Total Checkouts Full call number Barcode Date last seen Copy number Price effective from Koha item type
    Dewey Decimal Classification     Virtual Virtual Online 04/10/2005   ONLINE PUBLICATION 131158-2001 06/08/2019 1 06/08/2019 Book